Statystyki dla DARMOWE GADŻETY, JAKIMI REKLAMUJĄ SIĘ FIRMY:

Kliknij tutaj aby rozwiązać quiz!

Ogólne statystyki

  • Ten quiz został rozwiązany 40 razy
  • Średni wynik to 4 z 9

Statystyki odpowiedzi

Odpowiedź% Poprawnych
DLUGOPISY | OŁÓWKI
91%
KUBKI
65%
SMYCZE
65%
NOTESY
52%
KOSZULKI
43%
PENDRIVE
35%
KALENDARZE
30%
OPASKI NA REKĘ
13%
OTWIERACZE DO BUTELEK
9%

Rozkład punktacji

Percentyl według liczby udzielonych odpowiedzi

Procent ludzi z każdym wynikiem

Twoja historia wyników

Nie rozwiązałeś tego quizu